000 01703nam a22002177a 4500
003 CUTN
005 20250529145703.0
008 250529b |||||||| |||| 00| 0 eng d
020 _a9789387867802
041 _aEnglish
082 _223
_a938.05
_bTHU
100 _aThucydides
245 _aTHE HISTORY OF THE Peloponnesian War /
_cThucydides
260 _aNew Delhi :
_bMaven Books,
_c2023.
300 _a297 p. :
_bIll. ;
_c24 cm
520 _aWritten four hundred years before the birth of Christ, this detailed contemporary account of the struggle between Athens and Sparta stands an excellent chance of fulfilling the author's ambitious claim that the work "was done to last forever." The conflicts between the two empires over shipping, trade, and colonial expansion came to a head in 431 b.c. in Northern Greece, and the entire Greek world was plunged into 27 years of war. Thucydides applied a passion for accuracy and a contempt for myth and romance in compiling this exhaustively factual record of the disastrous conflict that eventually ended the Athenian empire.For more than seventy years, Penguin has been the leading publisher of classic literature in the English-speaking world. With more than 1,700 titles, Penguin Classics represents a global bookshelf of the best works throughout history and across genres and disciplines. Readers trust the series to provide authoritative texts enhanced by introductions and notes by distinguished scholars and contemporary authors, as well as up-to-date translations by award-winning translators.
650 _a Greece History Peloponnesian War
650 _aHISTORY Ancient Greece History
650 _aGrece Histoire
942 _2ddc
_cBOOKS
999 _c44454
_d44454